[Event "LSS SD-2009-0-00038"]
[Site "LSS email"]
[Date "2009.10.07"]
[Round "?"]
[White "Millar, Brian W"]
[Black "Nouveau, Laurent"]
[Result "0-1"]
[WhiteElo "1382"]
[BlackElo "1461"]
[PlyCount "102"]
[EventDate "2009.07.25"]
[EventType "tourn (corr)"]
[EventRounds "6"]
[EventCountry "GER"]
[SourceTitle "Telechess CBM 137"]
[Source "ChessBase"]
[SourceDate "2010.07.15"]
[SourceVersion "1"]
[SourceVersionDate "2010.07.15"]
[SourceQuality "1"]

1. d4 d5 2. Nf3 Nf6 3. e3 e6 4. Bd3 Nbd7 5. Nbd2 c5 6. c3 Be7 7. 0-0 0-0 8. Qe2 Qc7 9. e4 cxd4 10. e5 Nh5 11. cxd4 Nf4 12. Qe3 Nxd3 13. Qxd3 a5 14. Re1 b6 15. a3 Ba6 16. Qe3 Rac8 17. Nf1 Qc2 18. Qd2 a4 19. Ne3 Qd3 20. Qxd3 Bxd3 21. Nd1 h6 22. Nc3 b5 23. Bf4 Nb6 24. Red1 Bh7 25. Nxb5 Nc4 26. Bc1 Bc2 27. Re1 Rc6 28. Nd2 Rb8 29. Nxc4 Rxc4 30. Nc3 Rxd4 31. Re2 Bb3 32. Be3 Rd3 33. Rd2 Rxd2 34. Bxd2 Bc2 35. Bc1 Bc5 36. Ne2 d4 37. Kf1 Rb5 38. Ke1 Bb6 39. f4 g5 40. g3 gxf4 41. gxf4 f5 42. Kd2 Be4 43. Ke1 Ba5+ 44. Kf2 Rd5 45. b4 axb3 46. Bb2 Bb6 47. Kg3 Rd7 48. h4 d3 49. Nc3 Rg7+ 50. Kh3 Bf3 51. Rb1 Be3 0-1